000 00569nam a2200181 a 4500
005 20140310183242.0
008 020918s19uu xx 00 eng d
020 _a0743487605
050 _aPR 4571
_b.D548En 2004
100 _aDickens, Charles
245 _aA tale of two cities /
_cCharles Dickens.
260 _aNew York :
_bPocket Books,
_c2004.
300 _a470 p. :
_c18 cm.
500 _a"Supplementary material written by Keith Cox Series edited by Cynthia Brantley Johnson"
650 _aFrench revolution
_xFiction.
942 _cBK
_2lcc
999 _c20621
_d20621